Statistics for Guess the lyrics (#62)

Click here to take the quiz!

General Stats

  • This quiz has been taken 98 times
  • The average score is 198 of 391

Answer Stats

Answer% Correct
I
94%
The
93%
the
93%
a
92%
you
89%
you"
89%
an
87%
And
82%
and
82%
to
82%
be
81%
when
81%
When
81%
he
80%
He
80%
me
78%
on
78%
your
76%
for
75%
in
73%
it
73%
"My
72%
of
69%
win
69%
what
67%
No
66%
no
66%
Then
64%
I'm
63%
that
63%
was
63%
will
61%
ever
60%
if
60%
said
60%
said,
60%
there
60%
up
60%
but
59%
But
59%
his
59%
this
58%
as
57%
man
57%
down
55%
too
55%
You're
55%
you're
55%
know
53%
boy
52%
"Boy,
52%
went
52%
how
51%
it's
51%
like
51%
from
49%
"I'll
49%
I'll
49%
out
49%
with
49%
at
48%
than
47%
'cause
46%
beat
45%
get
45%
bet
43%
way
43%
give
42%
play
42%
been"
41%
been
41%
good
41%
let
41%
take
41%
best
40%
come
40%
devil
40%
"Devil
40%
tell
40%
make
39%
'cause
37%
Georgia
37%
lookin'
37%
sin,
37%
soul
37%
again
36%
just
36%
think
36%
came
35%
didn't
35%
Now
35%
"Well
35%
you'll
35%
fiddle
34%
made
34%
there's
34%
better
33%
knew
33%
done"
31%
done
31%
fire
31%
Fire
31%
something
31%
son
31%
steal
31%
you'd
31%
does
30%
gold
30%
might
30%
old
30%
young
30%
because
29%
gonna
29%
lose
29%
show"
29%
show
29%
deal
28%
head
28%
try
27%
back
25%
behind
25%
he'd
25%
House
25%
once
25%
player
25%
playin'
25%
bow
24%
gets
24%
pretty
24%
right
24%
run
24%
Sun
24%
due
23%
hot
23%
told
23%
across
22%
against
22%
bind
22%
Johnny
22%
Johnny,
22%
Rising
22%
sit
22%
bitch
20%
played
20%
regret,
20%
start
20%
willin'
20%
boys
19%
dare,
19%
hard
19%
name's
19%
rosin
19%
care
18%
chair
18%
dog
18%
child
17%
devil's
17%
Devil's
17%
ground
17%
guess
17%
Mountain
17%
rosined
17%
stump
17%
wanna
17%
band
16%
chicken
16%
Chicken
16%
flew
16%
golden
16%
hickory
16%
Johnny
16%
pickin'
16%
sounded
16%
strings
16%
bread
14%
demons
14%
dough
14%
evil
14%
jumped
14%
cards
13%
hiss
13%
joined
13%
loose
13%
pan
13%
shiny
13%
bite?
12%
deals
12%
fingertips
12%
finished
12%
Hell's
12%
pulled
12%
sawin'
12%
broke
11%
case
11%
feet
11%
Granny
11%
Granny,
11%
laid
11%
opened
11%
picking
11%
bowed
8%
Johnny's
8%

Score Distribution

Percentile by Number Answered

Percent of People with Each Score

Your Score History

You have not taken this quiz